00677nam a22002057a 4500003000400000020001800004082001800022245004600040260004300086300001100129546001200140650001900152650003100171650004600202650003500248700003200283942001300315999001900328952012400347OSt a9788182673601 a001.2bMAT/MA aMathrubhumi year book:bknowledge& beyond aKozhikodebMathrubhumi M M Pressc2018 a1025p. aEnglish aclimate change aagriculture& food security avision 2025 demographic scenario of india avision 2025 education in india avision 2025 health in india 2ddccREF c161063d161063 00102ddc4071aKAUCLVbKAUCLVcREFd2018-06-25g300.00l0o001.2 MAT/MAp227910r2018-06-25 00:00:00w2018-06-25yREF